L'anthropométrie judiciaire a Paris en 1889 (Record no. 151502)

MARC details
000 -LEADER
campo de control de longitud fija 01286nam a2200241 i 4500
001 - NÚMERO DE CONTROL
campo de control 151502
003 - IDENTIFICADOR DE NÚMERO DE CONTROL
campo de control ES-MaACL
005 - FECHA Y HORA DE LA ÚLTIMA TRANSACCIÓN
campo de control 20250727021935.0
008 - DATOS DE LONGITUD FIJA--INFORMACIÓN GENERAL
campo de control de longitud fija 050822s1890 fr |||| | fre d
245 02 - MENCIÓN DEL TÍTULO
Título L'anthropométrie judiciaire a Paris en 1889
Resto del título : installations et plans des locaux, récents perfectionnements, une expérience de sociologie bureaucratique.
260 ## - PUBLICACIÓN, DISTRIBUCIÓN, ETC.
Lugar de publicación, distribución, etc. Lyon :
Nombre del editor, distribuidor, etc. A. Storck ;
Lugar de publicación, distribución, etc. Paris :
Nombre del editor, distribuidor, etc. G. Steinheil,
Fecha de publicación, distribución, etc. 1890.
300 ## - DESCRIPCIÓN FÍSICA
Extensión 26 p. :
Otras características físicas il. ;
Dimensiones 25 cm.
490 1# - MENCIÓN DE SERIE
Mención de serie Bibliotheque d'anthropologie criminelle et des sciences pénales ;
Designación de volumen o secuencia 64
594 ## - Nota al título y mención de responsabilidad
Nota al título y mención de responsabilidad Todos los datos tomados de la cub. original.
650 #4 - PUNTO DE ACCESO ADICIONAL DE MATERIA--TÉRMINO DE MATERIA
Término de materia o nombre geográfico como elemento de entrada Criminología.
9 (RLIN) 135832
650 07 - PUNTO DE ACCESO ADICIONAL DE MATERIA--TÉRMINO DE MATERIA
Término de materia o nombre geográfico como elemento de entrada Antropología criminal
Fuente del encabezamiento o término embne
9 (RLIN) 9866
830 0# - PUNTO DE ACCESO ADICIONAL DE SERIE-TÍTULO UNIFORME
Título uniforme Bibliotheque d'anthropologie criminelle et des sciences pénales ;
Designación de volumen o secuencia 64
9 (RLIN) 221235
852 ## - LOCALIZACIÓN
Ubicación ES-MaACL
Número de control de estantería D-85(9)
Sublocalización o colección R.FOLL.5/9
Ubicación en estantería Sala Valle Inclán
Signatura antigua Olim: 193-C-19
Marcas de propiedad Sello en tinta en portada: "Donativo del Sr. Lastres al Ateneo de Madrid"
Anotaciones manuscritas Anotación manuscrita en cubierta: "Folletos penitenciarios. Tomo 9"
Donativo/Legado Donación: Francisco Lastres y Juiz
Encuadernación Encuadernado con otras obras formando un volumen facticio
itemnumber 156965
903 ## - NOMBRE PERSONAL DE DONANTE
a Lastres y Juiz, Francisco,
d 1848-1918
q 1
e Donante
9 70504
942 ## - ELEMENTOS DE ENTRADA SECUNDARIOS (KOHA)
Fuente del sistema de clasificación o colocación Clasificación decimal universal
Tipo de ítem Koha Folleto
Holdings
Estatus retirado Estado de pérdida Fuente del sistema de clasificación o colocación Estado de daño No para préstamo Colección Biblioteca de origen Biblioteca actual Ubicación en estantería Fecha de adquisición Fuente de adquisición Total de préstamos Signatura topográfica completa Código de barras Visto por última vez Precio de reemplazo Tipo de ítem Koha
    Clasificación decimal universal     Colección de folletos Biblioteca del Ateneo de Madrid Biblioteca del Ateneo de Madrid Sala Valle Inclán 17/01/2008 Donación   D-85(9) 901158075 23/02/2023 23/02/2023 Folleto